Bratislava : Mapa mesta
Saved in:
| Format: | Map |
|---|---|
| Language: | Slovak |
| Published: |
Harmanec :
Vojenský kartografický ústav,
1996
|
| Edition: | Knižné vydanie |
| Tags: |
No Tags, Be the first to tag this record!
|
MARC
| LEADER | 00000nem a22000003a 4500 | ||
|---|---|---|---|
| 001 | stu226106 | ||
| 005 | 20150408164429.2 | ||
| 008 | 110531s1996----xo------------------slo-d | ||
| 020 | |a 80-85510-64-2 | ||
| 040 | |a STU |b slo | ||
| 041 | 0 | |a slo | |
| 044 | |a xo | ||
| 080 | |a 912(437.6-25) | ||
| 245 | |a Bratislava : |b Mapa mesta | ||
| 250 | |a Knižné vydanie | ||
| 260 | |a Harmanec : |b Vojenský kartografický ústav, |c 1996 | ||
| 300 | |a mapa | ||
| 996 | |b 284V034325 |c V*8554/K-1858 |l VVT |s A |a 24 |w stu226106_0001 | ||